000 00493nam a2200145 4500
999 _c512788
_d512788
008 191217b ||||| |||| 00| 0 eng d
100 _aDeshpande, Manasi
_914663
245 _aWho is screened out? Application costs and the targeting of disability programs
260 _bAmerican Economic Journal: Economic Policy
300 _a11(4), Nov, 2019: p.213-248.
700 _aLi, Yue
_914664
773 _aAmerican Economic Journal: Economic Policy
906 _aDisability
942 _2ddc
_cAR